A TEXTBOOK OF COMMUNICATION MEDIA AND SOCIETY (Record no. 22151)

MARC details
000 -LEADER
fixed length control field 00303nam a22001337a 4500
003 - CONTROL NUMBER IDENTIFIER
control field SGT
020 ## - INTERNATIONAL STANDARD BOOK NUMBER
International Standard Book Number 978-93-82006-47-3
082 ## - DEWEY DECIMAL CLASSIFICATION NUMBER
Classification number 302.2
Item number SAH
100 ## - MAIN ENTRY--PERSONAL NAME
Personal name SAHAY, MUKUL
245 ## - TITLE STATEMENT
Title A TEXTBOOK OF COMMUNICATION MEDIA AND SOCIETY
260 ## - PUBLICATION, DISTRIBUTION, ETC. (IMPRINT)
Place of publication, distribution, etc INDIA
Name of publisher, distributor, etc APH
Year of Publication 2018
300 ## - PAGE DESCRIPTION
No. of Pages 196
942 ## - ADDED ENTRY ELEMENTS (KOHA)
Source of classification or shelving scheme Dewey Decimal Classification
Koha item type Books
Holdings
Withdrawn status Lost status Source of classification or shelving scheme Damaged status Not for loan Collection code Home library Current library Shelving location Date acquired Vendor Name Cost, normal purchase price SGTU Bill Number Total Checkouts Full call number Accession No. (Barcode) Date last seen Bill Date Koha item type
    Dewey Decimal Classification     MASS COMMUNICATION SGT Science & Social Sciences Library SGT Science & Social Sciences Library Text Book 16/02/2022 VANIPRAKASHAN 995.00 SGTU GV390   302.2 SAH MC1028 16/02/2022   Books
    Dewey Decimal Classification     MASS COMMUNICATION SGT Science & Social Sciences Library SGT Science & Social Sciences Library Text Book 21/04/2022 KALYANI PUB. 995.00 SGTU     302.2 SAH MC1145 21/04/2022 21/04/2022 Books
    Dewey Decimal Classification     MASS COMMUNICATION SGT Science & Social Sciences Library SGT Science & Social Sciences Library Text Book 21/04/2022 KALYANI PUB. 995.00 SGTU     302.2 SAH MC1146 21/04/2022 21/04/2022 Books